[Event "Kuala Lumpur Merdeka rapid op"]
[Site "Kuala Lumpur"]
[Date "2019.09.01"]
[Round "5"]
[White "A Rajah, Abdul Shukor"]
[Black "Hakim, Nuh"]
[Result "1/2-1/2"]
[WhiteElo "1999"]
[BlackElo "2174"]
[PlyCount "150"]
[EventDate "2019.09.01"]
[EventType "swiss (rapid)"]
[EventRounds "7"]
[EventCountry "MAS"]
[SourceTitle "EXT 2020"]
[Source "ChessBase"]
[SourceDate "2019.10.17"]
[SourceVersion "1"]
[SourceVersionDate "2019.10.17"]
[SourceQuality "1"]

1. e4 c5 2. Nf3 g6 3. c4 Bg7 4. d4 cxd4 5. Nxd4 Nc6 6. Be3 Nf6 7. Nc3 d6 8. Be2 Bd7 9. 0-0 Nxd4 10. Bxd4 Bc6 11. f3 0-0 12. Qd2 a5 13. Nd5 Bxd5 14. cxd5 Nd7 15. Bxg7 Kxg7 16. Qd4+ f6 17. Rac1 Rc8 18. h4 Qb6 19. Qxb6 Nxb6 20. Bb5 h6 21. Rfe1 g5 22. h5 Kf7 23. g4 e6 24. dxe6+ Kxe6 25. Kf2 Ke5 26. Ke3 Rxc1 27. Rxc1 Rc8 28. Rxc8 Nxc8 29. Bc4 Nb6 30. Bb3 Nd7 31. Bd5 Nc5 32. b3 b6 33. a3 Na6 34. Bb7 Nc7 35. Kd3 d5 36. exd5 Nxd5 37. Kc4 Nc7 38. a4 Kd6 39. Be4 Ne6 40. Kb5 Kc7 41. Kc4 Nc5 42. Bc2 Kc6 43. Bg6 Kd6 44. Bc2 Kc6 45. Bf5 Na6 46. Be4+ Kc7 47. Kd5 Nc5 48. Bc2 Kd7 49. Bf5+ Kc7 50. Bc2 Kd7 51. Bf5+ Ke7 52. Kc6 Nxb3 53. Kxb6 Kd6 54. Bb1 Nd2 55. Be4 Nxe4 56. fxe4 Ke5 57. Kxa5 Kxe4 58. Kb4 f5 59. gxf5 Kxf5 60. a5 g4 61. a6 g3 62. a7 g2 63. a8Q g1Q 64. Qf8+ Ke4 65. Qxh6 Qb1+ 66. Ka5 Qa2+ 67. Kb6 Qb3+ 68. Kc7 Qf7+ 69. Kd6 Qd5+ 70. Ke7 Qb7+ 71. Kf8 Qc8+ 72. Kg7 Qd7+ 73. Kh8 Qe8+ 74. Kh7 Qf7+ 75. Qg7 Qxh5+ 1/2-1/2

[Event "Putrajaya op 1st"]
[Site "Putrajaya"]
[Date "2019.01.21"]
[Round "8"]
[White "A Rajah, Abdul Shukor"]
[Black "Hakim, Nuh"]
[Result "1/2-1/2"]
[WhiteElo "1809"]
[BlackElo "2050"]
[PlyCount "166"]
[EventDate "2019.01.19"]
[EventType "swiss"]
[EventRounds "8"]
[EventCountry "MAS"]
[SourceTitle "CBM 188 Extra"]
[Source "ChessBase"]
[SourceDate "2019.02.26"]
[SourceVersion "1"]
[SourceVersionDate "2019.02.26"]
[SourceQuality "1"]

1. e4 c5 2. Nf3 g6 3. c4 Bg7 4. d4 cxd4 5. Nxd4 Nc6 6. Be3 Nf6 7. Nc3 Ng4 8. Qxg4 Nxd4 9. Qd1 Ne6 10. Qd2 Qa5 11. Bh6 Bxh6 12. Qxh6 b6 13. Qd2 Bb7 14. g3 Rc8 15. 0-0-0 d6 16. Kb1 Qe5 17. f3 h5 18. Qf2 Ba6 19. f4 Qc5 20. Qd2 Bxc4 21. f5 Ng7 22. Bxc4 Qxc4 23. fxg6 fxg6 24. e5 0-0 25. exd6 exd6 26. Qxd6 Kh7 27. Qd4 Qxd4 28. Rxd4 Rcd8 29. Rxd8 Rxd8 30. Ne4 Ne6 31. Re1 Kg7 32. h4 Rd7 33. a3 a6 34. Ka2 Nd4 35. Rd1 Kf7 36. Rf1+ Nf5 37. Rc1 Nd4 38. Rf1+ Kg7 39. Rd1 Rd8 40. Ng5 Kf6 41. Rf1+ Nf5 42. Re1 Nxg3 43. Re6+ Kf5 44. Rxb6 Rd4 45. Nh7 a5 46. Rf6+ Kg4 47. Rxg6+ Kxh4 48. Ra6 a4 49. b4 Ne4 50. Kb2 Kg3 51. Rxa4 h4 52. Ra8 h3 53. Rg8+ Kf4 54. Rf8+ Ke5 55. Re8+ Kd5 56. Rd8+ Kc4 57. Rc8+ Kd3 58. Rh8 Ke3 59. Nf6 Nf2 60. b5 Kf3 61. Kb3 Kg2 62. Rg8+ Kf1 63. Rh8 Kg2 64. Rg8+ Kf3 65. Rh8 Rd6 66. Rh6 Kg2 67. Rg6+ Kh1 68. Rh6 h2 69. Kc4 Kg2 70. Rg6+ Kf3 71. Rh6 h1Q 72. Rxh1 Nxh1 73. Ne8 Rd8 74. Kc5 Rxe8 75. b6 Ng3 76. b7 Nf5 77. a4 Nd4 78. a5 Nb3+ 79. Kb4 Nxa5 80. Kxa5 Ke4 81. Kb6 Kd5 82. Kc7 Kc5 83. b8Q Rxb8 1/2-1/2